000 00595nam a22002177a 4500
999 _c5208
_d5208
003 OSt
005 20210421151000.0
008 160914b xxu||||| |||| 00| 0 eng d
020 _a9780120885848
020 _a0120885840
040 _cDDC.
082 _a530.15 ARF 2005
100 _aArfken, B. George; Weber, J. Hans;
_911065
245 _aMathematical Methods for Physicists:
250 _a6th ed
260 _aBoston;
_bElsevier Academic Press.
_c2005.
300 _axii,1182p;
_bill;
_c25cm.
504 _aincludes index.
650 _aMathematical physics
_9810
942 _2ddc
_cO_SHELF